000 011520000a22002290004500
020 _a978-970-686-799-7
082 0 4 _aG 155.4 S5252p
100 1 _aShaffer, David R.
245 1 0 _aPsicología del desarrollo : infancia y adolescencia / David R. Shaffer , Katherine kipp ; traducido por: José C. Pecina Hernández, Phd , Jorge Bonilla Talavera
250 _a7
260 _aMéxico : Cengage Learning
300 _a662 p., XXVII, AI-R48, I1-I12
500 _aTitulo original: Developmental psychology. Childhood and adolescence \ Incluye Apéndice, Glosario, referencias y créditos
501 _arústico
505 0 0 _aIntroducción a la psicología del desarrollo -- Bases biológicas del desarrollo -- Desarrollo cognoscitivo -- Desarrollo social y de la personalidad -- El contexto del desarrollo
650 1 4 _aDESARROLLO INFANTIL \ PSICOLOGIA INFANTIL \ PSICOLOGIA DEL ADOLESCENTE \ PSICOLOGIA EVOLUTIVA \ CICLO VITAL HUMANO \ PSICOLOGIA COGNOSCITIVA \ DESARROLLO DE LA PERSONALIDAD
001 18027
942 _cBK
999 _c44520
_d44520
336 _atexto
_btxt
_2rdacontent
337 _2rdamedia
_asin mediación
_bn
338 _2rdacarrier
_avolumen
_bnc